Sheng di di li : (Record no. 55618)
[ view plain ]
| 000 -LEADER | |
|---|---|
| fixed length control field | 00836nam a22002417a 4500 |
| 005 - DATE AND TIME OF LATEST TRANSACTION | |
| control field | 20260506145423.0 |
| 008 - FIXED-LENGTH DATA ELEMENTS--GENERAL INFORMATION | |
| fixed length control field | 260506b |||||||| |||| 00| 0 eng d |
| 020 ## - INTERNATIONAL STANDARD BOOK NUMBER | |
| International Standard Book Number | 9789869174749 |
| 040 ## - CATALOGING SOURCE | |
| Original cataloging agency | BSOP |
| 041 ## - LANGUAGE CODE | |
| Language code of text/sound track or separate title | chi |
| 050 ## - LIBRARY OF CONGRESS CALL NUMBER | |
| Classification number | BS632 |
| 100 ## - MAIN ENTRY--PERSONAL NAME | |
| Linkage | 880-1 |
| Personal name | Miller, Jeffery P. |
| 245 ## - TITLE STATEMENT | |
| Linkage | 880-1 |
| Title | Sheng di di li : |
| Remainder of title | ying xu zhi di yu Aiji {ch} / |
| Statement of responsibility, etc | Jeffery P. Miller. |
| 264 ## - PRODUCTION, PUBLICATION, DISTRIBUTION, MANUFACTURE STATEMENTS | |
| Place of production, publication, distribution, manufacture | 高雄市 : |
| Name of producer, publisher, distributor, manufacturer | <a href="聖光神學院, ">聖光神學院, </a> |
| Date of production, publication, distribution, manufacture | 2016. |
| 300 ## - PHYSICAL DESCRIPTION | |
| Extent | vi, 145p. : |
| Other physical details | color illustrations, color maps ; |
| Dimensions | 30cm. |
| 650 ## - SUBJECT ADDED ENTRY--TOPICAL TERM | |
| Topical term or geographic name as entry element | Bible -- Geography -- Textbooks {ch}. |
| 650 ## - SUBJECT ADDED ENTRY--TOPICAL TERM | |
| Topical term or geographic name as entry element | Bible -- Historiography {ch}. |
| 650 ## - SUBJECT ADDED ENTRY--TOPICAL TERM | |
| Topical term or geographic name as entry element | Bible -- History of biblical events {ch}. |
| 650 ## - SUBJECT ADDED ENTRY--TOPICAL TERM | |
| Topical term or geographic name as entry element | Bible -- Geography -- Study and teaching {ch}. |
| 651 ## - SUBJECT ADDED ENTRY--GEOGRAPHIC NAME | |
| Geographic name | Egypt -- Antiquities {ch}. |
| 880 ## - ALTERNATE GRAPHIC REPRESENTATION | |
| Linkage | 245-1 |
| a | 聖地地理 : 應許之地與埃及 |
| 942 ## - ADDED ENTRY ELEMENTS (KOHA) | |
| Source of classification or shelving scheme | Library of Congress Classification |
| Item type | Books |
| Withdrawn status | Lost status | Source of classification or shelving scheme | Damaged status | Not for loan | Home library | Current library | Shelving location | Date acquired | Source of acquisition | Inventory number | Total Checkouts | Full call number | Barcode | Date last seen | Price effective from | Koha item type | Public note |
|---|---|---|---|---|---|---|---|---|---|---|---|---|---|---|---|---|---|
| Library of Congress Classification | BSOP Library | BSOP Library | Chinese Books (General Circulation) | 08/01/2017 | Donation | C-15923 | BS632 M61 2016 | 00063407 | 05/06/2026 | 05/06/2026 | Books | Dr. Jonathan Lu |
